عرض عادي
عرض مارك
- Systems engineering
مدخل مصطلح موضوعي
001 - رقم الضبط
- حقل الضبط: 36342
003 - معرف رقم الضبط
- حقل الضبط: OSt
005 - تاريخ ووقت أخر عملية
- حقل الضبط: 20130803133622.0
008 - عناصر بيانات ثابتة الطول
- حقل تحكم ثابت الطول: 130803|||a|||||| | ||| d
040 ## - مصدر الفهرسة
- هيئة الفهرسة الأصلية: OSt
- وكالة الكتابة: OSt
150 ## - مدخل-- مصطلح تاريخي
- عنصر مدخل المصطلح الموضوعي او الاسم الجغرافي: Systems engineering
670 ## - بيانات المصدر موجوده
- الاستشهاد بالمصدر: Work cat.: (OSt): Gopal R. 36341, problems and solutions in signals and systems /, 2011.
